Statistics for Groups of Things - Harry Potter

Click here to take the quiz!

General Stats

  • This quiz has been taken 131,228 times
    (81,695 since last reset)
  • The average score is 44 of 61

Answer Stats

Group Answer % Correct
Main charactersHarry Potter
100%
Main charactersRon Weasley
100%
Main charactersHermione Granger
99%
Weasley familyRon
99%
Weasley familyGinny
94%
Hogwarts housesGryffindor
93%
Hogwarts housesSlytherin
93%
Weasley familyGeorge
92%
Weasley familyFred
92%
Hogwarts housesHufflepuff
92%
Hogwarts housesRavenclaw
91%
Hogwarts headmastersAlbus Dumbledore
90%
Harry Potter booksChamber of Secrets
87%
Quidditch ballsGolden Snitch
87%
Harry Potter booksDeathly Hallows
87%
Harry Potter booksPhilosopher's Stone
86%
Harry Potter booksPrisoner of Azkaban
85%
Quidditch positionsSeeker
85%
Harry Potter booksHalf-Blood Prince
84%
Hogwarts classesPotions
84%
Harry Potter booksGoblet of Fire
83%
Weasley familyPercy
82%
HorcruxesTom Riddle's Diary
80%
Weasley familyMolly
80%
Hogwarts classesDefence Against the Dark Arts
80%
Harry Potter booksOrder of the Phoenix
79%
Hogwarts headmastersSeverus Snape
79%
HorcruxesNagini
78%
Weasley familyBill
77%
Weasley familyArthur
76%
Unforgivable cursesAvada Kedavra
75%
Deathly hallowsCloak of Invisibility
74%
Unforgivable cursesCrucio
74%
Deathly hallowsElder Wand
73%
Weasley familyCharlie
73%
Quidditch positionsKeeper
71%
HorcruxesRowena Ravenclaw Diadem
68%
HorcruxesMarvolo Gaunt's Ring
68%
Quidditch positionsBeater
66%
Quidditch ballsBludger
66%
HorcruxesSalazar Slytherin's Locket
64%
Quidditch ballsQuaffle
64%
HorcruxesHelga Hufflepuff's Cup
63%
Hogwarts headmastersMinerva McGonagall
60%
Deathly hallowsResurrection Stone
60%
Hogwarts classesCharms
59%
Unforgivable cursesImperio 
59%
Hogwarts classesTransfiguration
57%
Hogwarts classesHerbology
56%
Quidditch positionsChaser
55%
Hogwarts classesDivination
54%
Hogwarts headmastersDolores Umbridge
52%
Hogwarts classesCare of Magical Creatures
52%
Hogwarts classesHistory of Magic
48%
Hogwarts classesMuggle Studies
40%
Hogwarts classesFlying
38%
Hogwarts classesAstronomy
37%
Hogwarts classesStudy of Ancient Runes
34%
Hogwarts classesArithmancy
30%
Hogwarts classesApparition
12%

Score Distribution

Percentile by Number Answered

Percent of People with Each Score

Your Score History

You have not taken this quiz since the last reset